El Museo Romántico (Record no. 178066)

MARC details
000 -LEADER
campo de control de longitud fija 00930nam a22002415i 4500
001 - NÚMERO DE CONTROL
campo de control 178066
003 - IDENTIFICADOR DE NÚMERO DE CONTROL
campo de control ES-MaACL
005 - FECHA Y HORA DE LA ÚLTIMA TRANSACCIÓN
campo de control 20250821110956.0
008 - DATOS DE LONGITUD FIJA--INFORMACIÓN GENERAL
campo de control de longitud fija 110516s1950 sp o |||| | spa d
080 ## - NÚMERO DE LA CLASIFICACIÓN DECIMAL UNIVERSAL
Número de la Clasificación Decimal Universal 727.7(460.27 M.)
100 1# - ENTRADA PRINCIPAL--NOMBRE DE PERSONA
Nombre de persona Rodríguez de Rivas, Mariano.
9 (RLIN) 98470
245 13 - MENCIÓN DEL TÍTULO
Título El Museo Romántico
Resto del título = Le Musée Romantique = The Romantic Museum /
Mención de responsabilidad, etc. introducción y notas de Mariano Rodríguez de Rivas ; prólogo de Luis M. Feduchi ; fotografías: Juan Pando.
260 ## - PUBLICACIÓN, DISTRIBUCIÓN, ETC.
Lugar de publicación, distribución, etc. Madrid :
Nombre del editor, distribuidor, etc. Afrodisio Aguado,
Fecha de publicación, distribución, etc. imp. 1950.
300 ## - DESCRIPCIÓN FÍSICA
Extensión 98, 74 p. de fot. bl. y n. ;
Dimensiones 19 cm.
490 1# - MENCIÓN DE SERIE
Mención de serie El mueble en España ;
Designación de volumen o secuencia 3
546 ## - NOTA DE IDIOMA
Nota de lengua/lenguaje Texto en español, francés e inglés.
610 2# - PUNTO DE ACCESO ADICIONAL DE MATERIA--NOMBRE DE ENTIDAD CORPORATIVA
Nombre de entidad corporativa o nombre de jurisdicción como elemento de entrada Museo Romántico.
9 (RLIN) 5922
700 1# - ENTRADA AGREGADA--NOMBRE PERSONAL
Nombre de persona Feduchi, Luis M.,
Fechas asociadas al nombre 1901-1975
9 (RLIN) 49083
700 0# - ENTRADA AGREGADA--NOMBRE PERSONAL
Nombre de persona Pando, Juan.
9 (RLIN) 88754
830 0# - PUNTO DE ACCESO ADICIONAL DE SERIE-TÍTULO UNIFORME
Título uniforme El mueble en España ;
Designación de volumen o secuencia 3
9 (RLIN) 190716
852 ## - LOCALIZACIÓN
Ubicación ES-MaACL
Número de control de estantería E-15108
Encuadernación Olim P-955
Holdings
Estatus retirado Estado de pérdida Estado de daño No para préstamo Biblioteca de origen Biblioteca actual Ubicación en estantería Fecha de adquisición Fuente de adquisición Total de préstamos Signatura topográfica completa Código de barras Visto por última vez Precio de reemplazo Tipo de ítem Koha
        Biblioteca del Ateneo de Madrid Biblioteca del Ateneo de Madrid Depósito 2 16/05/2011     E-15108 1187058 23/02/2023 23/02/2023 Libro impreso